| 000 | 00716cam a22002777a 4500 | ||
|---|---|---|---|
| 003 | CHAP | ||
| 005 | 20220329133230.0 | ||
| 008 | 971013s1938 r 00010 d | ||
| 010 | _a3710 | ||
| 011 | _a4682 | ||
| 035 | _a3886 | ||
| 040 | _cCHAP | ||
| 082 |
_a581.1 _bM6 |
||
| 100 | 0 | 0 |
_aMolisch, Hans. _977426 |
| 245 | 1 | 4 | _aThe longevity of plants |
| 260 |
_aNew York : _bTranslator, _c1938 |
||
| 300 |
_a255 p. _b: ilus. |
||
| 500 | _aD51-36 | ||
| 500 | _aFotocopia | ||
| 590 |
_aBATCH-UPD _b10 _c20130110 _lUCH01 _h2146 |
||
| 590 |
_aCONVERSION _b10 _c20130109 _lUCH01 _h1303 |
||
| 650 | 1 | 4 |
_aPlantas _xEdad. _988815 |
| 901 | _aBK | ||
| 942 | _cLIBRO | ||
| 949 |
_a581.1 M6 _bBC _cBPP _d-13416 _eBPP _h80160 _i3886 _si |
||
| 999 |
_c3710 _d3710 |
||